00340nam a2200133Ia 4500008004100000041000800041082001500049100001900064245004200083250001400125260003100139300003100170365000500201240624s9999 xx 000 0 und d aeng a519.24 JOH aJOHNSON NORMAN aCONTINUOUS UNIVARIATE DISTRIBUTIONS I a(2nd ed.) c2004aNew YorkbJohn Wiley axix, : 756 : p. : cm. ; 26 c